000 00444nam a2200145Ia 4500
008 100122s9999 xx 000 0 und d
082 _b10775
_a613
100 _aकुकडे
245 _aआपले आरोग्य भाग -1
260 _bधनंजय भिसे
_c1931
300 _a127
630 _aआपले आरोग्य भाग -1
730 _aआपले आरोग्य भाग -1
942 _cBOOK
999 _c402366
_d402363